Práctica en contratos de empresa modernos y posmodernos (Registro nro. 181)

Detalles MARC
000 -LEADER
fixed length control field 02011 a2200229 4500
001 - CONTROL NUMBER
control field 269
005 - DATE AND TIME OF LATEST TRANSACTION
control field 20260407155418.0
008 - FIXED-LENGTH DATA ELEMENTS--GENERAL INFORMATION
fixed length control field 260407a2003 arg spa d
003 - CONTROL NUMBER IDENTIFIER
control field AR-UNSa-BCEJYS
040 ## - CATALOGING SOURCE
Original cataloging agency AR-UNSa-BCEJYS
Language of cataloging spa
Transcribing agency AR-UNSa-BCEJYS
080 ## - UNIVERSAL DECIMAL CLASSIFICATION NUMBER
Universal Decimal Classification number 347.74
Common auxiliary subdivision Contratos mercantiles (comerciales...leasing))
020 ## - INTERNATIONAL STANDARD BOOK NUMBER
International Standard Book Number 978-987-01-0014-0
041 ## - LANGUAGE CODE
Language code of text/sound track or separate title spa
100 1# - MAIN ENTRY--PERSONAL NAME
Personal name Favier Dubois, Eduardo Mario (h)
245 10 - TITLE STATEMENT
Title Práctica en contratos de empresa modernos y posmodernos
264 #1 - PRODUCTION, PUBLICATION, DISTRIBUTION, MANUFACTURE, AND COPYRIGHT NOTICE
Place of production, publication, distribution, manufacture Buenos Aires :
Name of producer, publisher, distributor, manufacturer Errepar
Date of production, publication, distribution, manufacture, or copyright notice 2003
300 ## - PHYSICAL DESCRIPTION
Extent xxii, 1304 p.
Dimensions 21 cm
505 ## - FORMATTED CONTENTS NOTE
Formatted contents note 1. Contrato de agencia - 2. Contrato de agrupación de colaboración empresaria (A.C.E.) - 3. Contrato de ahorro previo - 4. Contrato de apertura de crédito bancario - 5. Contrato de caja de seguridad bancaria - 6. Contrato de compraventa de acciones - 7. Contratos de compraventa internacional y crédito documentado - 8. Contrato de concesión - 9. Contrato de cuenta corriente bancaria - 10. Contrato de depósito bancario: caja de ahorro y plazo fijo - 11. Contrato de descuento bancario - 12. Contrato distribución - 13. Contrato de edición - 14. Contrato estimatorio - 15. Contrato de factoring - 16. Contrato de fideicomiso - 17. Contrato de franchising - 18. Contrato de garaje - 19. Contrato de leasing - 20. Contratos de licencia, tecnología e informáticos - 21. Contrato de management o gerenciamiento - 22. Contrato de medicina prepaga - 23. Contrato de publicidad - 24. Contrato de sindicación de acciones - 25. Contrato de suministro - 26. Contrato de tarjeta de crédito - 27. Contrato de telefonía celular - 28. Contrato de tiempo compartido - 29. Contratos de turismo y viaje - 30. Contrato de underwriting - 31. Contratos de Unión transitoria de empresas (UTE) y Joint Venture
590 ## - LOCAL NOTE (RLIN)
Local note niveau_biblio:m niveau_hierar:0
856 41 - ELECTRONIC LOCATION AND ACCESS
Uniform Resource Identifier <a href="https://biblioeco.unsa.edu.ar/pmb/images/libros/Practicas en contratos de empresas modernos y posmodernos2-l117463.jpg">https://biblioeco.unsa.edu.ar/pmb/images/libros/Practicas en contratos de empresas modernos y posmodernos2-l117463.jpg</a>
Link text Imagen de portada
Electronic format type image/jpeg
942 ## - ADDED ENTRY ELEMENTS (KOHA)
Koha item type
Existencias
Withdrawn status Lost status Damaged status Not for loan Home library Current library Shelving location Date acquired Total checkouts Full call number Barcode Date last seen Price effective from Koha item type
        Biblioteca Prof. Eusebio Cleto del Rey Biblioteca Prof. Eusebio Cleto del Rey   07/04/2026   347.74 F274p L117463 07/04/2026 07/04/2026 Libro